Чаҳор китоб (Запись № 13312380)

Подробности
000 -МАРКЕР
контрольное поле 01279nam0a2200313 4500
001 - ИДЕНТИФИКАТОР ЗАПИСИ
контрольное поле RU\NLR\BIBL_A\012919244
005 - ИДЕНТИФИКАТОР ВЕРСИИ
контрольное поле 20250715163452.0
035 ## - ДРУГИЕ СИСТЕМНЫЕ НОМЕРА
Идентификатор записи (NLR Aleph) 012919244
100 ## - ДАННЫЕ ОБЩЕЙ ОБРАБОТКИ
Данные общей обработки 20221024d1990 |||y0rusy50 ca
101 0# - ЯЗЫК РЕСУРСА
Язык текста, звукозаписи и т.д. таджикский
102 ## - СТРАНА ПУБЛИКАЦИИ ИЛИ ПРОИЗВОДСТВА
Страна публикации Таджикистан
105 ## - ПОЛЕ КОДИРОВАННЫХ ДАННЫХ: ТЕКСТОВЫЕ МАТЕРИАЛЫ, МОНОГРАФИЧЕСКИЕ
Кодированные данные о монографическом текстовом документе yyyyz 000|y
181 #1 - ПОЛЕ КОДИРОВАННЫХ ДАННЫХ: ВИД СОДЕРЖАНИЯ
Код вида содержания (ISBD) i
Код характеристики содержания (ISBD) e
182 #1 - ПОЛЕ КОДИРОВАННЫХ ДАННЫХ: ТИП СРЕДСТВА
Код типа средства (ISBD) n - непосредственное
200 1# - ЗАГЛАВИЕ И СВЕДЕНИЯ ОБ ОТВЕТСТВЕННОСТИ
Основное заглавие Чаҳор китоб
Первые сведения об ответственности Бо эҳтимом, охирсухан, тавзеҳ ва шарҳи луғоти Абдунабӣ Сатторзода
203 ## - ВИД СОДЕРЖАНИЯ И ТИП СРЕДСТВА
Вид содержания Текст
Дополнительные сведения об издании визуальный
Тип средства непосредственный
210 ## - ПУБЛИКАЦИЯ, РАСПРОСТРАНЕНИЕ И ДР.
Место издания, распространения и т.д. Душанбе
Имя издателя, распространителя и т. д. Адиб
Дата издания, распространения и т.д. 1990
215 ## - ФИЗИЧЕСКАЯ ХАРАКТЕРИСТИКА
Специфическое обозначение материала и объем 92, [4] саҳ.
Размеры 21 см.
300 ## - ОБЩИЕ ПРИМЕЧАНИЯ
Текст примечания Есть дублет с инв. № 20716
320 ## - ПРИМЕЧАНИЯ О НАЛИЧИИ В ДОКУМЕНТЕ БИБЛИОГРАФИИ / УКАЗАТЕЛЯ
Текст примечания Луғатнома: с. 83-[93]
541 1# - ПЕРЕВОД ЗАГЛАВИЯ, СДЕЛАННЫЙ КАТАЛОГИЗАТОРОМ
Заглавие [Четверокнижие] / [Четыре книги]
Язык заглавия русский
686 1# - ИНДЕКСЫ ДРУГИХ КЛАССИФИКАЦИЙ
Индекс Р60
702 #1 - ИМЯ ЛИЦА - ВТОРИЧНАЯ ОТВЕТСТВЕННОСТЬ
Начальный элемент ввода Тӯраҷонзода
Часть имени, кроме начального элемента ввода Ҳ. А.
Дополнения к именам, кроме дат қозиюлқуззоти Тоҷикистон
-- Акбар Тӯраевич Қаҳҳоров
Даты 1954-
Расширение инициалов личного имени Ҳоҷӣ Акбар
Код отношения Автор введения, предисловия, примечания и т.п.
702 #1 - ИМЯ ЛИЦА - ВТОРИЧНАЯ ОТВЕТСТВЕННОСТЬ
Начальный элемент ввода Сатторзода
Часть имени, кроме начального элемента ввода А.
Дополнения к именам, кроме дат устоди Донишгоҳи Тоҷикистон
Даты 1941
Расширение инициалов личного имени Абдунабӣ
Код отношения Автор послесловия, колофона и т.п.
852 ## - МЕСТОНАХОЖДЕНИЕ И ШИФР ХРАНЕНИЯ
Идентификатор организации NLR
Наименование фонда или коллекции (Sub-Location Identifier) ОНЛ
Шифр хранения (Call Number) Тадж./3-6390
942 ## - ДОПОЛНИТЕЛЬНЫЕ ЭЛЕМЕНТЫ ЗАПИСИ (АБИС)
Тип экземпляра АБИС Книга
980 ## - КОЛЛЕКЦИЯ
Название коллекции Национальная библиография
Экземпляры
Тип экземпляра Дата поступления Источник поступления Библиотека постоянного хранения Библиотека текущего хранения Место хранения Шифр хранения Штрих-код Статус экземпляра
Книга 24.10.2022 Дар РНБ (Московский) РНБ (Московский) Фонд национальных литератур ОНЛ Тадж./3-6390 1-3003693  
Книга 24.10.2022   РНБ (Московский) РНБ (Московский) Фонд национальных литератур ОНЛ Тадж./3-6390 1-3003694